000 00711cam a22002533a 4500
001 27844
003 PGUSA
005 20140828083613.0
008 090119s2009||||xxu|||||s|||||000 1 eng d
040 _aPGUSA
_beng
042 _adc
050 4 _aPQ
100 1 _aAssollant, Alfred,
_d1827-1886
245 1 0 _aLa chasse aux lions
_h[electronic resource] /
_cAlfred Assollant
260 _bProject Gutenberg,
_c2009
506 _aPublic domain in the USA.
516 _aElectronic text
653 _aLion hunting -- Fiction
700 1 _aGirardet, Jules,
_d1856-
700 1 _aBombled, L.
_q(Louis)
830 0 _aProject Gutenberg
_v27844
856 4 0 _uhttp://www.gutenberg.org/ebooks/27844
942 _cEB
999 _c257099
_d257099